| 000 | 00464nam a2200181Ia 4500 | ||
|---|---|---|---|
| 001 | 19230 | ||
| 003 | IN-NITTTR | ||
| 005 | 20251114233222.0 | ||
| 008 | 251113s9999||||xx |||||||||||||| ||eng|| | ||
| 040 | _beng | ||
| 040 | _cIN-NITTTR | ||
| 041 | _aeng | ||
| 082 | _a658.4063 G797P | ||
| 100 | _aGreiner, Larry E. | ||
| 245 | 0 |
_aPower and organization development / _cGreiner, Larry E., Schein, Virginia E. |
|
| 700 | _a Schein, Virginia E. | ||
| 942 |
_2ddc _cBK |
||
| 999 |
_c21864 _d21864 |
||